| 000 | 00343nam a2200133Ia 4500 | ||
|---|---|---|---|
| 008 | 210210b1989 xxu||||| |||| 00| 0 eng d | ||
| 082 | _a320.5 PRAP | ||
| 100 | _aPRASAD (C). | ||
| 245 | _aPolitical ideas of Dr. Rammanohar Lohia. | ||
| 260 |
_aND _bJanaki Prakashan. _c1989 |
||
| 300 | _aix275p | ||
| 690 | _aPolitical Thought | ||
| 906 | _a044148 | ||
| 999 |
_c93458 _d93458 |
||